The World Book encyclopedia. (Record no. 40776)
[ view plain ]
| 000 -LEADER | |
|---|---|
| fixed length control field | 00703cam a2200229 a 4500 |
| 001 - CONTROL NUMBER | |
| control field | 14027131 |
| 005 - DATE AND TIME OF LATEST TRANSACTION | |
| control field | 20180123071759.0 |
| 008 - FIXED-LENGTH DATA ELEMENTS--GENERAL INFORMATION | |
| fixed length control field | 050706s2006 iluab bf 001 0deng |
| 010 ## - LIBRARY OF CONGRESS CONTROL NUMBER | |
| LC control number | 2005016631 |
| 020 ## - INTERNATIONAL STANDARD BOOK NUMBER | |
| International Standard Book Number | 0716601060 |
| 040 ## - CATALOGING SOURCE | |
| Original cataloging agency | DLC |
| Transcribing agency | DLC |
| Modifying agency | DLC |
| 041 ## - LANGUAGE CODE | |
| Language code of text/sound track or separate title | eng |
| 080 ## - UNIVERSAL DECIMAL CLASSIFICATION NUMBER | |
| Universal Decimal Classification number | 031 FET |
| 082 00 - DEWEY DECIMAL CLASSIFICATION NUMBER | |
| Classification number | 031 FET |
| Edition number | 22 |
| 100 ## - Rafti | |
| Rafti | 23 |
| 101 ## - Shkurtesa | |
| Shkurtesa | ENC |
| 245 04 - TITLE STATEMENT | |
| Title | The World Book encyclopedia. |
| 504 ## - BIBLIOGRAPHY, ETC. NOTE | |
| Bibliography, etc | Includes bibliographical references and index. |
| 906 ## - LOCAL DATA ELEMENT F, LDF (RLIN) | |
| a | 7 |
| b | cbc |
| c | orignew |
| d | 1 |
| e | ecip |
| f | 20 |
| g | y-gencatlg |
| 942 ## - ADDED ENTRY ELEMENTS (KOHA) | |
| Source of classification or shelving scheme | |
| Item type | Books |
| Withdrawn status | Lost status | Source of classification or shelving scheme | Damaged status | Not for loan | Collection code | Permanent location | Current location | Shelving location | Date acquired | Total Checkouts | Full call number | Barcode | Date last seen | Price effective from | Koha item type |
|---|---|---|---|---|---|---|---|---|---|---|---|---|---|---|---|
| Koleksioni i përgjithshem | UBT - Lipjan | UBT - Lipjan | Koleksioni i përgjithshem | 01/23/2018 | 031 FET | 002-2996352 | 01/23/2018 | 01/23/2018 | Books | ||||||
| Koleksioni i përgjithshem | UBT - Lipjan | UBT - Lipjan | Koleksioni i përgjithshem | 01/23/2018 | 031 FET | 002-2996347 | 01/23/2018 | 01/23/2018 | Books | ||||||
| Koleksioni i përgjithshem | UBT - Lipjan | UBT - Lipjan | Koleksioni i përgjithshem | 01/23/2018 | 031 FET | 002-2996342 | 01/23/2018 | 01/23/2018 | Books | ||||||
| Koleksioni i përgjithshem | UBT - Lipjan | UBT - Lipjan | Koleksioni i përgjithshem | 01/23/2018 | 031 FET | 002-2996337 | 01/23/2018 | 01/23/2018 | Books | ||||||
| Koleksioni i përgjithshem | UBT - Lipjan | UBT - Lipjan | Koleksioni i përgjithshem | 01/23/2018 | 031 FET | 002-2996332 | 01/23/2018 | 01/23/2018 | Books | ||||||
| Koleksioni i përgjithshem | UBT - Lipjan | UBT - Lipjan | Koleksioni i përgjithshem | 01/23/2018 | 031 FET | 002-2996327 | 01/23/2018 | 01/23/2018 | Books | ||||||
| Koleksioni i përgjithshem | UBT - Lipjan | UBT - Lipjan | Koleksioni i përgjithshem | 01/23/2018 | 031 FET | 002-2996322 | 01/23/2018 | 01/23/2018 | Books | ||||||
| Koleksioni i përgjithshem | UBT - Lipjan | UBT - Lipjan | Koleksioni i përgjithshem | 01/23/2018 | 031 FET | 002-2996317 | 01/23/2018 | 01/23/2018 | Books | ||||||
| Koleksioni i përgjithshem | UBT - Lipjan | UBT - Lipjan | Koleksioni i përgjithshem | 01/23/2018 | 031 FET | 002-2996312 | 01/23/2018 | 01/23/2018 | Books | ||||||
| Koleksioni i përgjithshem | UBT - Lipjan | UBT - Lipjan | Koleksioni i përgjithshem | 01/23/2018 | 031 FET | 002-2996307 | 01/23/2018 | 01/23/2018 | Books | ||||||
| Koleksioni i përgjithshem | UBT - Lipjan | UBT - Lipjan | Koleksioni i përgjithshem | 01/23/2018 | 031 FET | 002-2996302 | 01/23/2018 | 01/23/2018 | Books |